Robotické pracovisko pre automatizovaný systém odberu vzoriek z procesu degradovania znečisťujúcich látok
Uložené v:
| Hlavný autor: | |
|---|---|
| Ďalší autori: | |
| Médium: | Rukopis Kniha |
| Jazyk: | Slovak |
| Vydavateľské údaje: |
Bratislava :
STU v Bratislave FEI,
2023
|
| Predmet: | |
| On-line prístup: | https://opac.crzp.sk/?fn=detailBiblioFormChildMTUDT&sid=08878EB2E7E37CD0999A74C0752B&seo=CRZP-detail-kniha |
| Tagy: |
Žiadne tagy, Buďte prvý, kto otaguje tento záznam!
|
MARC
| LEADER | 00000ntm a22000003a 4500 | ||
|---|---|---|---|
| 001 | stuzp92202 | ||
| 003 | SK-STU | ||
| 005 | 20241121142929.7 | ||
| 007 | ta | ||
| 008 | 150427s2015----xo-----f-mn---000-0-slo-d | ||
| 040 | |a STU |b slo | ||
| 041 | 0 | |a slo | |
| 044 | |a xo | ||
| 100 | 1 | |a Zelenay, Eduard |u 031000 |4 aut |U FEI Fakulta elektrotechniky a informatiky |T FEI Ústav robotiky a kybernetiky |X 111506 |U E011 |Y 356 |7 111506 | |
| 242 | 0 | 1 | |a Robotic Workplace for an Automated Sampling System from the Process of Degradation of Pollutants |y eng |
| 245 | 1 | 0 | |a Robotické pracovisko pre automatizovaný systém odberu vzoriek z procesu degradovania znečisťujúcich látok |
| 260 | |a Bratislava : |b STU v Bratislave FEI, |c 2023 | ||
| 300 | |a 74 s. | ||
| 650 | 4 | |a Schunk LWA 4P |2 slo | |
| 650 | 4 | |a ROS |2 slo | |
| 650 | 4 | |a laboratórna robotika |2 slo | |
| 650 | 4 | |a ampulky |2 slo | |
| 650 | 4 | |a zatváranie |2 slo | |
| 650 | 4 | |a DH |2 slo | |
| 650 | 4 | |a MoveIt |2 slo | |
| 650 | 4 | |a WSG 50 |2 slo | |
| 650 | 4 | |a Nema 17 |2 slo | |
| 650 | 4 | |a MG996R |2 slo | |
| 650 | 4 | |a Rosserial |2 slo | |
| 650 | 4 | |a Schunk LWA 4P |2 eng | |
| 650 | 4 | |a ROS |2 eng | |
| 650 | 4 | |a laboratory robotics |2 eng | |
| 650 | 4 | |a test tubes |2 eng | |
| 650 | 4 | |a closing |2 eng | |
| 650 | 4 | |a DH |2 eng | |
| 650 | 4 | |a MoveIt |2 eng | |
| 650 | 4 | |a WSG 50 |2 eng | |
| 650 | 4 | |a Nema 17 |2 eng | |
| 650 | 4 | |a ampoules |2 eng | |
| 650 | 4 | |a Rosserial |2 eng | |
| 650 | 4 | |a MG996R |2 eng | |
| 700 | 1 | |a Kohút, Miroslav |u 031000 |k Z8 |4 ths |U FEI Fakulta elektrotechniky a informatiky |T FEI Ústav robotiky a kybernetiky |X 72496 |U E011 |Y 356 |7 72496 | |
| 856 | 4 | |u https://opac.crzp.sk/?fn=detailBiblioFormChildMTUDT&sid=08878EB2E7E37CD0999A74C0752B&seo=CRZP-detail-kniha | |